Principles of Food Production (Record no. 11237)

MARC details
000 -LEADER
fixed length control field 00276nam a22000977a 4500
008 - FIXED-LENGTH DATA ELEMENTS--GENERAL INFORMATION
fixed length control field 181108b ||||| |||| 00| 0 eng d
020 ## - INTERNATIONAL STANDARD BOOK NUMBER
International Standard Book Number 9789385909252
100 ## - MAIN ENTRY--PERSONAL NAME
Personal name Singh Yogesh
9 (RLIN) 6986
245 ## - TITLE STATEMENT
Title Principles of Food Production
260 ## - PUBLICATION, DISTRIBUTION, ETC. (IMPRINT)
Place of publication, distribution, etc. New Delhi
Name of publisher, distributor, etc. I.K.International House
Date of publication, distribution, etc. 2017
Holdings
Withdrawn status Lost status Source of classification or shelving scheme Damaged status Koha normalized classification for sorting Not for loan Home library Current library Shelving location Date acquired Total Checkouts Full call number Barcode Date last seen Price effective from Koha item type
    Dewey Decimal Classification   648_000000000000000   Good Samaritan School Library Good Samaritan School Library Home Science 11/08/2018   648 SIN15193 11/08/2018 11/08/2018 BOOK

Powered by Koha